LeBron James Quiz - Statistics

General Stats
  • This quiz has been taken 754 times
  • The average score is 11 of 15
Answer Stats
Question Answer % Correct
What Team Did He Go To In 2010? Miami Heat
99%
How Many Rings Does He Have? 3
96%
Who was LeBron Drafted By? Cleveland Cavaliers
93%
Who Was The Player He Teamed Up With? Dwyane Wade
91%
What Place Is He In All Time For Scoring? 7th
82%
Name One Player Ahead Of Him In All Time Scoring Michael Jordan
81%
What Year Was He Drafted? 2003
79%
What Year Was He Born? 1984
78%
How Many MVP Awards Does He Have? 4
78%
What State Was He Born In? Ohio
72%
What Is His Career High Points In One Game? 61
69%
Who Is His Best Friend? Chris Paul
62%
What NBA Player Was Born In The Same Hospital As Him? Steph Curry
60%
Who Is His Rivals? Golden State Warriors
52%
What High School Did He Come From? St. Vincent St. Mary
43%
No matching quizzes found
Score Distribution
Percent of People with Each Score
Percentile by Number Answered
Your Score History
You have not taken this quiz